NBA Top 4 - Hard Version - Statistics

General Stats
  • This quiz has been taken 2,032 times
    330 since last reset
  • The average score is 79 of 316
Answer Stats
Season Team % Correct
2025 Oklahoma City Thunder
99%
2025 Indiana Pacers
98%
2025 New York Knicks
88%
2024 Boston Celtics
87%
2024 Dallas Mavericks
84%
2025 Minnesota Timberwolves
84%
2023 Denver Nuggets
77%
2022 Golden State Warriors
76%
2023 Miami Heat
75%
2022 Boston Celtics
73%
2024 Minnesota Timberwolves
71%
2021 Milwaukee Bucks
70%
2023 Boston Celtics
67%
2024 Indiana Pacers
67%
2020 Los Angeles Lakers
67%
2021 Phoenix Suns
67%
2023 Los Angeles Lakers
66%
2019 Toronto Raptors
66%
2019 Golden State Warriors
64%
2018 Golden State Warriors
64%
2020 Miami Heat
64%
2018 Cleveland Cavaliers
63%
2016 Cleveland Cavaliers
62%
2017 Golden State Warriors
62%
2022 Miami Heat
62%
2017 Cleveland Cavaliers
61%
2016 Golden State Warriors
61%
2015 Golden State Warriors
60%
2015 Cleveland Cavaliers
59%
2014 San Antonio Spurs
58%
2022 Dallas Mavericks
57%
2013 Miami Heat
57%
2020 Boston Celtics
56%
2014 Miami Heat
56%
2012 Miami Heat
56%
2013 San Antonio Spurs
56%
2011 Dallas Mavericks
53%
2021 Atlanta Hawks
52%
2018 Boston Celtics
52%
2011 Miami Heat
52%
2020 Denver Nuggets
51%
2010 Los Angeles Lakers
50%
2012 Oklahoma City Thunder
50%
2017 Boston Celtics
49%
2010 Boston Celtics
49%
2018 Houston Rockets
49%
2008 Boston Celtics
48%
2021 Los Angeles Clippers
48%
2009 Los Angeles Lakers
48%
2019 Milwaukee Bucks
48%
2008 Los Angeles Lakers
47%
2016 Oklahoma City Thunder
44%
2019 Portland Trail Blazers
44%
2007 San Antonio Spurs
44%
2006 Miami Heat
43%
2004 Detroit Pistons
42%
2016 Toronto Raptors
42%
2004 Los Angeles Lakers
41%
2002 Los Angeles Lakers
41%
2001 Los Angeles Lakers
41%
2009 Orlando Magic
41%
2005 San Antonio Spurs
41%
2007 Cleveland Cavaliers
40%
2000 Los Angeles Lakers
40%
2017 San Antonio Spurs
40%
2003 San Antonio Spurs
40%
1998 Chicago Bulls
38%
1997 Chicago Bulls
38%
1996 Chicago Bulls
38%
2006 Dallas Mavericks
37%
2014 Indiana Pacers
37%
2013 Indiana Pacers
37%
2014 Oklahoma City Thunder
37%
1999 San Antonio Spurs
37%
2015 Atlanta Hawks
36%
2012 Boston Celtics
36%
1993 Chicago Bulls
36%
1992 Chicago Bulls
36%
1991 Chicago Bulls
36%
2005 Detroit Pistons
36%
2015 Houston Rockets
36%
1995 Houston Rockets
36%
1994 Houston Rockets
36%
2011 Oklahoma City Thunder
36%
2001 Philadelphia 76ers
36%
2012 San Antonio Spurs
36%
2002 New Jersey Nets
34%
1998 Utah Jazz
34%
2000 Indiana Pacers
33%
1997 Utah Jazz
33%
1988 Los Angeles Lakers
32%
2003 New Jersey Nets
32%
1986 Boston Celtics
31%
1984 Boston Celtics
31%
1990 Detroit Pistons
31%
1989 Detroit Pistons
31%
1987 Los Angeles Lakers
31%
1985 Los Angeles Lakers
31%
1999 New York Knicks
31%
1991 Los Angeles Lakers
30%
1982 Los Angeles Lakers
30%
1981 Boston Celtics
29%
2011 Chicago Bulls
29%
2009 Cleveland Cavaliers
29%
1980 Los Angeles Lakers
29%
2010 Orlando Magic
29%
1996 Seattle SuperSonics
29%
2007 Detroit Pistons
28%
1994 New York Knicks
28%
1992 Portland Trail Blazers
28%
1987 Boston Celtics
27%
1985 Boston Celtics
27%
1989 Los Angeles Lakers
27%
1984 Los Angeles Lakers
27%
1995 Orlando Magic
27%
1983 Philadelphia 76ers
27%
1993 Phoenix Suns
27%
2008 Detroit Pistons
26%
1983 Los Angeles Lakers
26%
2006 Detroit Pistons
25%
2010 Phoenix Suns
25%
2008 San Antonio Spurs
25%
1976 Boston Celtics
24%
1969 Boston Celtics
24%
1968 Boston Celtics
24%
1966 Boston Celtics
24%
1965 Boston Celtics
24%
1964 Boston Celtics
24%
1963 Boston Celtics
24%
1962 Boston Celtics
24%
1961 Boston Celtics
24%
1960 Boston Celtics
24%
1959 Boston Celtics
24%
2013 Memphis Grizzlies
24%
1974 Boston Celtics
23%
1957 Boston Celtics
23%
1988 Detroit Pistons
23%
1972 Los Angeles Lakers
23%
1979 Seattle SuperSonics
23%
2009 Denver Nuggets
22%
2003 Detroit Pistons
22%
2005 Miami Heat
22%
1973 New York Knicks
22%
2006 Phoenix Suns
22%
2005 Phoenix Suns
22%
1977 Portland Trail Blazers
22%
2002 Sacramento Kings
22%
2004 Indiana Pacers
21%
1953 Minneapolis Lakers
21%
1952 Minneapolis Lakers
21%
2000 New York Knicks
21%
1978 Washington Bullets
21%
2002 Boston Celtics
20%
1999 Indiana Pacers
20%
1954 Minneapolis Lakers
20%
1950 Minneapolis Lakers
20%
1949 Minneapolis Lakers
20%
1970 New York Knicks
20%
1982 Philadelphia 76ers
20%
2001 San Antonio Spurs
20%
1975 Golden State Warriors
19%
1998 Indiana Pacers
19%
1971 Milwaukee Bucks
19%
2004 Minnesota Timberwolves
19%
1967 Philadelphia 76ers
19%
1990 Portland Trail Blazers
19%
1986 Houston Rockets
18%
1973 Los Angeles Lakers
18%
1970 Los Angeles Lakers
18%
1969 Los Angeles Lakers
18%
1968 Los Angeles Lakers
18%
1965 Los Angeles Lakers
18%
1958 St. Louis Hawks
18%
1988 Boston Celtics
17%
1990 Chicago Bulls
17%
2003 Dallas Mavericks
17%
1998 Los Angeles Lakers
17%
1966 Los Angeles Lakers
17%
1963 Los Angeles Lakers
17%
1962 Los Angeles Lakers
17%
1980 Philadelphia 76ers
17%
1956 Philadelphia Warriors
17%
1989 Chicago Bulls
16%
1991 Detroit Pistons
16%
1981 Houston Rockets
16%
1994 Indiana Pacers
16%
2001 Milwaukee Bucks
16%
1959 Minneapolis Lakers
16%
1993 New York Knicks
16%
1947 Philadelphia Warriors
16%
2000 Portland Trail Blazers
16%
2007 Utah Jazz
16%
1982 Boston Celtics
15%
1997 Houston Rockets
15%
1986 Los Angeles Lakers
15%
1995 San Antonio Spurs
15%
1980 Boston Celtics
14%
1958 Boston Celtics
14%
1995 Indiana Pacers
14%
1996 Orlando Magic
14%
1951 Rochester Royals
14%
1992 Cleveland Cavaliers
13%
1987 Detroit Pistons
13%
1997 Miami Heat
13%
1972 New York Knicks
13%
1955 Syracuse Nationals
13%
1996 Utah Jazz
13%
1994 Utah Jazz
13%
1992 Utah Jazz
13%
1979 Washington Bullets
13%
1985 Philadelphia 76ers
12%
1999 Portland Trail Blazers
12%
1967 Boston Celtics
11%
1955 Boston Celtics
11%
1954 Boston Celtics
11%
1990 Phoenix Suns
11%
1989 Phoenix Suns
11%
1991 Portland Trail Blazers
11%
1993 Seattle SuperSonics
11%
1978 Seattle SuperSonics
11%
1975 Boston Celtics
10%
1973 Boston Celtics
10%
1972 Boston Celtics
10%
1953 Boston Celtics
10%
1948 Philadelphia Warriors
10%
1967 San Francisco Warriors
10%
1964 San Francisco Warriors
10%
1988 Dallas Mavericks
9%
1986 Milwaukee Bucks
9%
1984 Milwaukee Bucks
9%
1957 Minneapolis Lakers
9%
1955 Minneapolis Lakers
9%
1951 Minneapolis Lakers
9%
1981 Philadelphia 76ers
9%
1977 Philadelphia 76ers
9%
1976 Phoenix Suns
9%
1983 San Antonio Spurs
9%
1957 St. Louis Hawks
9%
1948 Baltimore Bullets
8%
1961 Los Angeles Lakers
8%
1983 Milwaukee Bucks
8%
1960 Minneapolis Lakers
8%
1982 San Antonio Spurs
8%
1961 St. Louis Hawks
8%
1960 St. Louis Hawks
8%
1975 Washington Bullets
8%
1971 Baltimore Bullets
7%
1947 Chicago Stags
7%
1985 Denver Nuggets
7%
1976 Golden State Warriors
7%
1977 Los Angeles Lakers
7%
1971 Los Angeles Lakers
7%
1974 Milwaukee Bucks
7%
1953 New York Knicks
7%
1952 New York Knicks
7%
1951 New York Knicks
7%
1978 Philadelphia 76ers
7%
1960 Philadelphia Warriors
7%
1958 Philadelphia Warriors
7%
1984 Phoenix Suns
7%
1968 San Francisco Warriors
7%
1987 Seattle SuperSonics
7%
1954 Syracuse Nationals
7%
1973 Golden State Warriors
6%
1962 Philadelphia Warriors
6%
1980 Seattle SuperSonics
6%
1956 Fort Wayne Pistons
5%
1955 Fort Wayne Pistons
5%
1981 Kansas City Kings
5%
1971 New York Knicks
5%
1947 New York Knicks
5%
1968 Philadelphia 76ers
5%
1966 Philadelphia 76ers
5%
1965 Philadelphia 76ers
5%
1979 Phoenix Suns
5%
1979 San Antonio Spurs
5%
1959 St. Louis Hawks
5%
1956 St. Louis Hawks
5%
1970 Atlanta Hawks
4%
1975 Chicago Bulls
4%
1974 Chicago Bulls
4%
1948 Chicago Stags
4%
1964 Cincinnati Royals
4%
1962 Detroit Pistons
4%
1958 Detroit Pistons
4%
1953 Fort Wayne Pistons
4%
1972 Milwaukee Bucks
4%
1970 Milwaukee Bucks
4%
1974 New York Knicks
4%
1969 New York Knicks
4%
1950 New York Knicks
4%
1949 New York Knicks
4%
1954 Rochester Royals
4%
1949 Rochester Royals
4%
1969 St. Louis Hawks
4%
1967 St. Louis Hawks
4%
1966 St. Louis Hawks
4%
1964 St. Louis Hawks
4%
1963 St. Louis Hawks
4%
1963 Syracuse Nationals
4%
1961 Syracuse Nationals
4%
1959 Syracuse Nationals
4%
1957 Syracuse Nationals
4%
1956 Syracuse Nationals
4%
1952 Syracuse Nationals
4%
1951 Syracuse Nationals
4%
1950 Syracuse Nationals
4%
1976 Cleveland Cavaliers
3%
1978 Denver Nuggets
3%
1977 Houston Rockets
3%
1952 Rochester Royals
3%
1949 Washington Capitols
3%
1947 Washington Capitols
3%
1950 Anderson Packers
2%
1965 Baltimore Bullets
2%
1948 St. Louis Bombers
2%
No matching quizzes found
Score Distribution
Percent of People with Each Score
Percentile by Number Answered
Your Score History
You have not taken this quiz since the last reset